000 00497nam a22001697a 4500
999 _c478380
_d478380
003 NUST
005 20180525065041.0
008 180525b ||||| |||| 00| 0 eng d
020 _a987654321
038 _aSNS Library
082 _a515.5
100 _aNico M. Temme
_910521
245 _aSpecial Functions
_bAn Introduction to the Classical Functions of Mathematical Physics
_cNico M. Temme
260 _aNew York
_bJohn Wiley & Sons, Inc.
_c1996
300 _a374 p.
_bHb
942 _2ddc
_cBK